LIBRARY ONLINE CATALOGUE

Network administration / (Record no. 11103)

MARC details
000 -LEADER
fixed length control field 00602cam a22002052 4500
001 - CONTROL NUMBER
control field 0000013015
005 - DATE AND TIME OF LATEST TRANSACTION
control field 20151217154416.0
008 - FIXED-LENGTH DATA ELEMENTS--GENERAL INFORMATION
fixed length control field 090519s xx 000 0 eng d
020 ## - INTERNATIONAL STANDARD BOOK NUMBER
International Standard Book Number 8178087030 :
040 ## - CATALOGING SOURCE
Original cataloging agency KABU
Transcribing agency KABU
100 1# - MAIN ENTRY--PERSONAL NAME
Personal name Wisniewski, Steve.
-- 0000170070
245 10 - TITLE STATEMENT
Title Network administration /
Statement of responsibility, etc. Steve Wisniewski.
250 ## - EDITION STATEMENT
Edition statement 1st ed.
260 ## - PUBLICATION, DISTRIBUTION, ETC. (IMPRINT)
Place of publication, distribution, etc. Delhi :
Name of publisher, distributor, etc. Pearson Education,
Date of publication, distribution, etc. 2001.
300 ## - PHYSICAL DESCRIPTION
Extent xvii, 606 p.
650 #0 - SUBJECT ADDED ENTRY--TOPICAL TERM
Topical term or geographic name as entry element Computer networks
General subdivision Management.
-- 0000156312
852 1# - LOCATION
-- p3850 KES
908 ## - PUT COMMAND PARAMETER (RLIN)
Put command parameter 090519
950 ## - LOCAL HOLDINGS (RLIN)
-- 1
Holdings
Withdrawn status Lost status Source of classification or shelving scheme Not for loan Home library Current library Date acquired Total Checkouts Total Renewals Full call number Barcode Date last seen Date last checked out Price effective from Koha item type
    Library of Congress Classification   Kabarak, Main Campus Kabarak, Main Campus 17/12/2015 1 1 TK5105.5 .W57 2001 c. 1 17623 23/05/2017 23/02/2017 17/12/2015 General Collection